00641nam a2200133Ia 4500008004100000024006700041082001900108100011200127245007600239260002500315600002700340650003300367856010700400250506s9999 xx 000 0 und d a08B-119-EE, 08B-130-EE, 08B138-EE, 08B-149-EE & 08B-196-EE a629.895072 MAR aMaria Mumtaz Rana, Muhammad Hunain Tariq, Hafiz Abdur Rafay Jafri, Muhammad Aamir Ali & Abdul Aziz Siddiqui 0aMicro-controller Based Diesel Sequence Timer/Check Timer for KANUPP NPP aKarachi:bUIT,c2008 aElectronic Engineering aBachelor of Engineering (BE) uhttps://drive.google.com/file/d/1SdOw4h2aGdhtwwihCma8e7ookeAny_j7/view?usp=sharingyClick Here for PDF